000 02248cam a22005654i 4500
003 PE-LiUPU
005 20250731173041.0
008 141222s2015 gaua rb 001 0 eng
020 _a1628371153
_q(hardcover binding ;
_qalk. paper)
020 _a9781628371147
035 _a(Sirsi) i9781628371154
035 _a(OCoLC)898717080
_z(OCoLC)900880978
040 _aDLC
_beng
_erda
_cDLC
_dYDX
_dOCLCF
_dCDX
_dYDXCP
_dSTF
_dDRU
_dVLB
_dOCLCQ
_dKPS
_dPE-LiUPU
049 _aPRUA
050 0 0 _aBL2430
_b.P9713 2015
082 0 4 _a299.3138
_bA5
_223
245 0 4 _aThe ancient Egyptian pyramid texts /
_c[translated] by James P. Allen.
250 _aSecond edition.
264 1 _aAtlanta :
_bSBL Press,
_c2015.
300 _axii, 381 páginas :
_bilustraciones ;
_c24 centímetros.
336 _atext
_2rdacontent
337 _aunmediated
_2rdamedia
338 _avolume
_2rdacarrier
490 1 _aSociety of Biblical Literature. Writings from the ancient world ;
_vnumber 38
504 _aBibliografía : páginas 369-373.
505 0 _aThe Pyramid Texts of Unis -- The Pyramid Texts of Teti -- The Pyramid Texts of Pepi I -- The Pyramid Texts of Merenre -- The Pyramid Texts of Pepi II -- The Pyramid Texts of Queen Neith -- Pyramid Texts of other queens.
526 _aSEG42
526 _aSEG41
526 _aSEG40
526 _aSEG39
526 _aP94
526 _aP87
526 _aP86
526 _aP85
526 _aP77
526 _aP76
526 _aP35
650 0 _aVida futura.
650 0 _aEncantamientos, Egipcio
_vTraducciones al inglés.
650 0 _aFuture life.
650 0 _aIncantations, Egyptian
_vTranslations into English.
700 1 _aAllen, James P.,
_d1945-,
_etraductor.
910 _adbm
_bncf
_cncf
_d20171221
942 _2ddc
_cBOOK
949 _a299.3138 A5
_wDEWEY
_c1
_i77671
_lCATALOGING
_mBUL
_p33.50
_r0
_sY
_tBOOK
_u2017-12-21
_xPOSGRADO
_PP85
_0COMPRA
_o.STAFF. Colección Teología.
994 _aC0
_bPEPRU
596 _a1
999 _a299.3138 A5
_wDEWEY
_c26333
_i77671
_f2021-11-11
_g4
_lCCODEBUL1
_mBUL
_p33.50
_r0
_sY
_tBOOK
_u2017-12-21
_xTEOLOGIA
_PP85
_0DONACION
_o.STAFF. Colección Teología
_d26333
980 _81
_gALBERTO SANCHEZ Responsable de Automatización